| 000 | 00640nam a2200205Ia 4500 | ||
|---|---|---|---|
| 005 | 20241021105033.0 | ||
| 008 | 210716s2001 xx 000 0 und d | ||
| 020 | _a8178840308 | ||
| 040 | _cAIMIT LIBRARY | ||
| 041 | _aeng | ||
| 082 |
_a005.1332 _21 _bPRAB |
||
| 100 |
_aPratap, Bhanu. _9182804 |
||
| 245 |
_aComplete c#: _bprogramming guide / _cBy Bhanu Pratap. |
||
| 250 | _a1st ed. | ||
| 260 |
_aNew Delhi : _bCyber Tech Publications ; _c2001. |
||
| 300 |
_axxx,912p. ; _bPB _c24 cm. |
||
| 650 |
_aObject oriented programming _9182805 |
||
| 650 |
_aExpressions types and variable _9182806 |
||
| 942 |
_2ddc _cBK _e1st ed. _k005.1332 PRAB |
||
| 999 |
_c186119 _d186119 |
||